[Event "World Rapid 2015"]
[Site "Berlin GER"]
[Date "2015.10.11"]
[Round "10.79"]
[White "Osmanodja, Filiz"]
[Black "Hilverda, Alexander"]
[Result "1/2-1/2"]
[WhiteElo "2291"]
[BlackElo "2384"]
[PlyCount "101"]
[EventDate "2015.10.10"]
[EventType "rapid"]

1. e4 c5 2. Nf3 e6 3. d4 cxd4 4. Nxd4 Nc6 5. Nc3 Qc7 6. Be2 a6 7. O-O Nf6 8.
Be3 Bb4 9. Na4 Be7 10. Nxc6 bxc6 11. Nb6 Rb8 12. Nxc8 Qxc8 13. Bd4 c5 14. Be5
Rb6 15. b3 O-O 16. Qd3 d6 17. Bb2 Qc6 18. e5 Nd5 19. Qg3 dxe5 20. Bf3 c4 21.
Bxe5 f6 22. Bd4 Bc5 23. bxc4 Bxd4 24. cxd5 exd5 25. Rad1 Qc5 26. Qg4 Rb4 27.
Qe6+ Kh8 28. Bxd5 Qxc2 29. Rc1 Bxf2+ 30. Kh1 Qd2 31. Qe7 Rbb8 32. Rc7 Qh6 33.
Rc3 Rbe8 34. Qb7 Qd2 35. Rh3 Qe2 36. Qb1 Qxf1+ 37. Qxf1 Re1 38. Qxe1 Bxe1 39.
Be4 f5 40. Bd3 a5 41. g4 g6 42. gxf5 gxf5 43. Rf3 f4 44. Rh3 Rf7 45. Kg2 Bd2
46. Kf3 Be3 47. Rh5 Rd7 48. Bf5 Ra7 49. Bc2 Kg8 50. Rg5+ Kf8 51. Rh5 1/2-1/2

[Event "World Rapid 2015"]
[Site "Berlin GER"]
[Date "2015.10.12"]
[Round "11.13"]
[White "Riazantsev, Alexander"]
[Black "Onischuk, Alexander"]
[Result "1-0"]
[WhiteElo "2646"]
[BlackElo "2662"]
[PlyCount "103"]
[EventDate "2015.10.10"]
[EventType "rapid"]

1. d4 Nf6 2. c4 e6 3. Nc3 Bb4 4. Qc2 O-O 5. e4 d5 6. e5 Ne4 7. Bd3 c5 8. Nf3
cxd4 9. Nxd4 Nd7 10. Bf4 Ndc5 11. O-O Nxd3 12. Qxd3 Nxc3 13. bxc3 Be7 14. Rfd1
Bg5 15. Bxg5 Qxg5 16. Nf3 Qe7 17. cxd5 exd5 18. Re1 Re8 19. Re3 Qc7 20. Ng5 g6
21. Qxd5 Bf5 22. Rae1 Rad8 23. Qb3 Rd2 24. e6 Bxe6 25. Nxe6 Rxe6 26. Rxe6 fxe6
27. Qxe6+ Qf7 28. Qe3 Rxa2 29. h4 Ra5 30. Qd4 Rd5 31. Qxa7 Rd8 32. Rb1 Rd7 33.
Qc5 Rc7 34. Qe5 Re7 35. Qb8+ Kg7 36. Rd1 Qf6 37. Qg3 Rf7 38. h5 Qf5 39. hxg6
hxg6 40. Qe3 Qf6 41. Re1 Rc7 42. Rd1 Rxc3 43. Rd7+ Kf8 44. Qh6+ Ke8 45. Rg7
Rc1+ 46. Kh2 Qe5+ 47. g3 Qh5+ 48. Qxh5 gxh5 49. Rxb7 Rc5 50. Kh3 Kf8 51. f4 Kg8
52. Kh4 1-0

[Event "World Rapid 2015"]
[Site "Berlin GER"]
[Date "2015.10.12"]
[Round "11.18"]
[White "Guseinov, Gadir"]
[Black "Socko, Bartosz"]
[Result "1-0"]
[WhiteElo "2634"]
[BlackElo "2599"]
[PlyCount "149"]
[EventDate "2015.10.10"]
[EventType "rapid"]

1. e4 e6 2. d4 d5 3. Nd2 c5 4. Ngf3 cxd4 5. Nxd4 Nc6 6. Bb5 Bd7 7. Nxc6 Bxc6 8.
Bxc6+ bxc6 9. c4 dxe4 10. Nxe4 Qxd1+ 11. Kxd1 Nf6 12. Nxf6+ gxf6 13. Be3 Rg8
14. g3 c5 15. Kc2 Kd7 16. Rhd1+ Kc6 17. Rd3 Be7 18. Rad1 Rgd8 19. Rxd8 Rxd8 20.
Rxd8 Bxd8 21. g4 a6 22. Kd3 Bc7 23. h3 Be5 24. b3 Bb2 25. Ke4 Bc3 26. Bh6 Bd4
27. f4 Bb2 28. f5 Kd7 29. Bf8 Ba3 30. Bh6 Ke7 31. Be3 Kd6 32. Bf4+ Ke7 33. Kf3
Bb4 34. Bc1 Bc3 35. Ke4 Kd6 36. Kd3 Bb4 37. Bb2 Ke7 38. Bc1 Kd6 39. a3 Be1 40.
Bf4+ Kd7 41. Bh6 Ke7 42. Be3 Kd6 43. Bc1 Kd7 44. Bf4 Ke7 45. Bc7 Kd7 46. Bb6
Kd6 47. Bd8 Bh4 48. Ke4 Kd7 49. Ba5 Kc6 50. Bd2 Bf2 51. Bc3 Bh4 52. Kd3 Bg5 53.
Kc2 Kd6 54. b4 Kc6 55. Kb3 Kb6 56. Ka4 e5 57. Kb3 Bc1 58. Be1 e4 59. Bh4 e3 60.
Bxf6 e2 61. Bc3 Kc6 62. Be1 Kd6 63. b5 axb5 64. cxb5 Kd5 65. a4 Bf4 66. a5 c4+
67. Ka4 Be3 68. b6 Kc5 69. h4 Bf4 70. g5 Be3 71. b7 Bf4 72. h5 Kc6 73. g6 fxg6
74. fxg6 hxg6 75. hxg6 1-0

[Event "World Rapid 2015"]
[Site "Berlin GER"]
[Date "2015.10.12"]
[Round "11.19"]
[White "Matlakov, Maxim"]
[Black "Adhiban, Baskaran"]
[Result "0-1"]
[WhiteElo "2689"]
[BlackElo "2674"]
[PlyCount "123"]
[EventDate "2015.10.10"]
[EventType "rapid"]

1. d4 Nf6 2. c4 g6 3. Nc3 Bg7 4. e4 d6 5. f3 O-O 6. Nge2 c5 7. d5 e6 8. Ng3
exd5 9. cxd5 a6 10. a4 h5 11. Bg5 Qe8 12. Bd3 Nbd7 13. f4 Ng4 14. h3 c4 15.
hxg4 cxd3 16. gxh5 Nc5 17. Qf3 f6 18. Bh4 g5 19. h6 Bxh6 20. Bxg5 fxg5 21. Rxh6
Rxf4 22. Qh5 Qxh5 23. Nxh5 Rh4 24. O-O-O Bg4 25. Nf6+ Kg7 26. Nxg4 Rxh6 27.
Nxh6 Kxh6 28. b4 Nd7 29. Rxd3 Ne5 30. Rh3+ Kg6 31. Nd1 Rc8+ 32. Rc3 Rxc3+ 33.
Nxc3 Nd3+ 34. Kd2 Nxb4 35. Ke3 Kf6 36. g3 Ke5 37. a5 Nc2+ 38. Kd3 Nd4 39. Nd1
Nb3 40. Nf2 Kf6 41. Ng4+ Ke7 42. e5 dxe5 43. Nxe5 Nxa5 44. d6+ Kxd6 45. Nf7+
Kd5 46. Nxg5 Nc6 47. Kc3 b5 48. Nh3 a5 49. Nf4+ Ke4 50. Ne6 a4 51. g4 Kd5 52.
Nc7+ Kc5 53. g5 b4+ 54. Kb2 Ne5 55. Ne8 Nd3+ 56. Kc2 a3 57. Kb3 Nc1+ 58. Kc2 a2
59. Kb2 b3 60. Nf6 Nd3+ 61. Ka1 Nb4 62. Ne4+ 0-1

[Event "World Rapid 2015"]
[Site "Berlin GER"]
[Date "2015.10.12"]
[Round "11.20"]
[White "Almasi, Zoltan"]
[Black "Swiercz, Dariusz"]
[Result "1/2-1/2"]
[WhiteElo "2689"]
[BlackElo "2620"]
[PlyCount "153"]
[EventDate "2015.10.10"]
[EventType "rapid"]

1. e4 c5 2. Nf3 d6 3. c3 Nf6 4. h3 Nc6 5. Bd3 d5 6. exd5 Qxd5 7. Qe2 e6 8. O-O
Be7 9. Na3 O-O 10. Bc2 b6 11. Re1 Bb7 12. Nc4 Rad8 13. a3 Qh5 14. d3 b5 15.
Ncd2 Qd5 16. Ne4 Ne5 17. Nxe5 Qxe5 18. Be3 Nxe4 19. dxe4 a6 20. a4 c4 21. axb5
axb5 22. Bd4 Rxd4 23. cxd4 Qxd4 24. Rad1 Qc5 25. e5 g6 26. Be4 Bxe4 27. Qxe4
Qb4 28. Re2 c3 29. bxc3 Qxc3 30. Rc2 Qa3 31. Rd7 Bc5 32. Rb7 Rd8 33. Rxb5 Rd5
34. Rb1 Bd4 35. Rd2 Qc3 36. Rc2 Qa5 37. g3 Bxe5 38. Kg2 Kg7 39. Rb7 Qa6 40. Rb1
h5 41. h4 Qd6 42. Rb7 Qa6 43. Rb3 Qd6 44. Ra2 Rd4 45. Qf3 Qd5 46. Ra7 Qxf3+ 47.
Rxf3 Bf6 48. Rb3 Rd8 49. Rbb7 Rf8 50. Rd7 Bc3 51. Rac7 Be5 52. Rb7 Kf6 53. Kf3
Kg7 54. Ke4 Bf6 55. Kf3 Kg8 56. Kg2 Kg7 57. Kh3 Kg8 58. f3 Kg7 59. g4 hxg4+ 60.
fxg4 Kg8 61. g5 Bc3 62. Kg4 Be5 63. Rb5 Bc3 64. Rdb7 Rd8 65. Rb8 Rxb8 66. Rxb8+
Kg7 67. Rb7 Be1 68. h5 gxh5+ 69. Kxh5 Kf8 70. Rb2 Kg7 71. Rb7 Kf8 72. Rd7 Bf2
73. g6 fxg6+ 74. Kxg6 Ke8 75. Rd2 Bh4 76. Rd4 Bd8 77. Re4 1/2-1/2

[Event "World Rapid 2015"]
[Site "Berlin GER"]
[Date "2015.10.12"]
[Round "11.21"]
[White "Fedoseev, Vladimir3"]
[Black "Duda, Jan-Krzysztof"]
[Result "1-0"]
[WhiteElo "2659"]
[BlackElo "2658"]
[PlyCount "97"]
[EventDate "2015.10.10"]
[EventType "rapid"]

1. e4 c5 2. Nf3 d6 3. c3 Nf6 4. Bd3 Nc6 5. Bc2 Bg4 6. h3 Bxf3 7. Qxf3 g6 8. d3
Bg7 9. O-O O-O 10. Be3 Rc8 11. a4 Nd7 12. Qd1 e6 13. Bb3 Kh8 14. Nd2 Qe7 15. f4
d5 16. Nf3 c4 17. Ba2 Nc5 18. Bxc5 Qxc5+ 19. d4 Qd6 20. e5 Qe7 21. Bb1 a6 22.
h4 f6 23. exf6 Rxf6 24. g3 b5 25. axb5 axb5 26. Nh2 b4 27. Rf2 Rff8 28. Nf3 Bf6
29. Re2 Ra8 30. Rxa8 Rxa8 31. Qe1 Nd8 32. f5 gxf5 33. Bxf5 Ra6 34. Kg2 Qd6 35.
Bh3 bxc3 36. bxc3 Kg7 37. Nh2 Kf7 38. Rf2 Ke7 39. Qb1 Nf7 40. Ng4 Bxd4 41. Qb7+
Kd8 42. cxd4 Ra3 43. Ne5 Nxe5 44. dxe5 Qe7 45. Qb8+ Kd7 46. Rb2 Rb3 47. Rxb3
cxb3 48. Qxb3 Qc5 49. Qb7+ 1-0

[Event "World Rapid 2015"]
[Site "Berlin GER"]
[Date "2015.10.12"]
[Round "11.22"]
[White "Salem, A.R. Saleh"]
[Black "Bartel, Mateusz"]
[Result "0-1"]
[WhiteElo "2624"]
[BlackElo "2622"]
[PlyCount "130"]
[EventDate "2015.10.10"]
[EventType "rapid"]

1. d4 d5 2. c4 c6 3. Nf3 Nf6 4. Nc3 dxc4 5. a4 Bf5 6. Ne5 e6 7. f3 Bb4 8. e3
Nbd7 9. Nxd7 Nxd7 10. e4 Bg6 11. Bxc4 Nb6 12. Be2 a5 13. Be3 O-O 14. O-O f5 15.
Qb3 f4 16. Bf2 Bf7 17. Rfd1 Qe7 18. Qc2 Nd7 19. Na2 Bd6 20. e5 Bc7 21. Bd3 h6
22. Nc3 Nb6 23. Qe2 Be8 24. Rac1 Nd5 25. Bb1 Bb6 26. Nxd5 cxd5 27. b3 g5 28. g4
Rf7 29. Rc3 Qb4 30. Qd3 Rg7 31. Rdc1 Rd8 32. Qd1 Kf8 33. Kg2 Rdd7 34. Rc8 Rc7
35. R1xc7 Rxc7 36. Rb8 Qc3 37. Bg6 Rc8 38. Rxc8 Qxc8 39. Qd3 Kg7 40. Bxe8 Qxe8
41. h4 Bd8 42. h5 Be7 43. Be1 b6 44. Qc2 Kg8 45. Kf2 Bd8 46. Qd3 Qf7 47. Ke2
Kf8 48. Qc2 Ke8 49. b4 Qc7 50. Qd3 Qc6 51. b5 Qc1 52. Bd2 Qg1 53. Be1 Be7 54.
Qg6+ Kd7 55. Qc2 Qe3+ 56. Kf1 Qxf3+ 57. Bf2 Qh3+ 58. Ke2 Qxg4+ 59. Kf1 Qh3+ 60.
Kg1 Ke8 61. Qg6+ Kd8 62. Qg8+ Kd7 63. Qa8 Qc3 64. Qh8 g4 65. Qxh6 Qc1+ 0-1

[Event "World Rapid 2015"]
[Site "Berlin GER"]
[Date "2015.10.12"]
[Round "11.24"]
[White "Motylev, Alexander"]
[Black "Zvjaginsev, Vadim"]
[Result "1-0"]
[WhiteElo "2649"]
[BlackElo "2660"]
[PlyCount "60"]
[EventDate "2015.10.10"]
[EventType "rapid"]

1. e4 c5 2. Nf3 g6 3. c3 d5 4. exd5 Qxd5 5. d4 Bg7 6. Be3 cxd4 7. cxd4 Nf6 8.
Nc3 Qd8 9. Bc4 O-O 10. O-O Nbd7 11. d5 Nb6 12. Bb3 Bg4 13. h3 Bxf3 14. Qxf3 Ne8
15. Rfe1 Nd6 16. Bg5 Bf6 17. Bh6 Bg7 18. Bxg7 Kxg7 19. Qe3 Re8 20. Qd4+ Kg8 21.
Re2 Nf5 22. Qd2 Rc8 23. Rae1 Nc4 24. Qd3 Ncd6 25. Ba4 Rf8 26. g4 Ng7 27. Rxe7
Qb6 28. Ne4 Nc4 29. d6 f5 30. Qc3 Qxb2 1-0

[Event "World Rapid 2015"]
[Site "Berlin GER"]
[Date "2015.10.12"]
[Round "11.30"]
[White "Bindrich, Falko"]
[Black "Dreev, Aleksey"]
[Result "1/2-1/2"]
[WhiteElo "2594"]
[BlackElo "2644"]
[PlyCount "130"]
[EventDate "2015.10.10"]
[EventType "rapid"]

1. d4 d5 2. c4 c6 3. Nf3 Nf6 4. Nc3 e6 5. e3 Nbd7 6. Qc2 b6 7. Bd3 Bb7 8. O-O
Be7 9. b3 O-O 10. Bb2 h6 11. Rac1 Rc8 12. Rfd1 Qc7 13. Qe2 Qb8 14. Ne5 Rfd8 15.
f4 dxc4 16. bxc4 c5 17. f5 Bd6 18. fxe6 fxe6 19. Ng4 Nxg4 20. Qxg4 Bxh2+ 21.
Kh1 Qg3 22. Qxe6+ Kh8 23. Ne4 Qh4 24. Qh3 Qxh3 25. gxh3 Bb8 26. d5 b5 27. cxb5
Be5 28. Bxe5 Nxe5 29. Nc3 Bxd5+ 30. Nxd5 Rxd5 31. Bf5 Rxd1+ 32. Rxd1 Rf8 33.
Be4 c4 34. a4 c3 35. Rd5 Re8 36. Bc2 Nc4 37. Rc5 Nxe3 38. Bg6 Rf8 39. Rxc3 Nd5
40. Rc5 Nf4 41. Bf5 g6 42. Bd7 Rf7 43. Rc7 Nd5 44. Rxa7 Nb6 45. a5 Nxd7 46. b6
Kg7 47. Rxd7 Rxd7 48. a6 Rd6 49. a7 Rxb6 50. a8=Q Rf6 51. Qa1 h5 52. Kg2 Kf7
53. Qa7+ Kg8 54. Qb8+ Kh7 55. Qc7+ Kg8 56. Qd8+ Kg7 57. Qe7+ Rf7 58. Qe5+ Kh7
59. Kg3 Rf5 60. Qc7+ Kg8 61. Kh4 Kh8 62. Qd8+ Kg7 63. Qe7+ Kg8 64. Qd7 Kh8 65.
Qe8+ Kg7 1/2-1/2

[Event "World Rapid 2015"]
[Site "Berlin GER"]
[Date "2015.10.12"]
[Round "11.31"]
[White "Meier, Georg"]
[Black "Huzman, Alexander"]
[Result "0-1"]
[WhiteElo "2654"]
[BlackElo "2580"]
[PlyCount "100"]
[EventDate "2015.10.10"]
[EventType "rapid"]

1. Nf3 Nf6 2. g3 g6 3. Bg2 Bg7 4. O-O O-O 5. d4 d5 6. Nbd2 c6 7. b3 a5 8. a4
Bf5 9. e3 Ne4 10. Bb2 Nxd2 11. Nxd2 Na6 12. g4 Be6 13. h3 f5 14. f4 Qd7 15. g5
Nc5 16. c4 Ne4 17. Rc1 Rac8 18. Nf3 b6 19. Rc2 Rfd8 20. Qa1 Qe8 21. Rfc1 Kh8
22. h4 Bg8 23. Bf1 Rb8 24. Kg2 Rdc8 25. Be2 Bf7 26. Ne1 Kg8 27. Nd3 Qd8 28. Bf3
dxc4 29. bxc4 b5 30. Ne5 Bxe5 31. dxe5 bxc4 32. e6 Bxe6 33. Bh8 Qf8 34. h5 gxh5
35. Rh1 Bd5 36. Be5 Rb3 37. Rxh5 Qf7 38. Qe1 Nd6 39. Rh6 Bxf3+ 40. Kxf3 Qd5+
41. Kg3 Nf7 42. Ba1 Nxh6 43. gxh6 Kf7 44. Qe2 Qe4 45. Bd4 Rg8+ 46. Kh3 Qd3 47.
Kh4 Rg4+ 48. Kh5 Qxe2 49. Rxe2 Rb1 50. Rh2 Rgg1 0-1

[Event "World Rapid 2015"]
[Site "Berlin GER"]
[Date "2015.10.12"]
[Round "11.32"]
[White "Vallejo Pons, Francisco"]
[Black "Bogdanovich, Stanislav"]
[Result "0-1"]
[WhiteElo "2684"]
[BlackElo "2590"]
[PlyCount "112"]
[EventDate "2015.10.10"]
[EventType "rapid"]

1. e4 e5 2. Nf3 Nc6 3. Nc3 Nf6 4. Bb5 Nd4 5. Ba4 Nxf3+ 6. gxf3 c6 7. d4 d6 8.
Bb3 Qc7 9. Rg1 g6 10. f4 exd4 11. Qxd4 Bg7 12. f5 Qe7 13. Be3 Rg8 14. Qd2 b5
15. f3 a5 16. a4 b4 17. Ne2 gxf5 18. Nd4 Bd7 19. O-O-O fxe4 20. Bg5 d5 21. fxe4
Nxe4 22. Bxe7 Nxd2 23. Bc5 Ne4 24. Bb6 Ke7 25. Kb1 Kd6 26. Nb5+ Ke7 27. Nc7
Rab8 28. Bxa5 Be5 29. Na6 Ra8 30. Bxb4+ Bd6 31. Bxd6+ Kxd6 32. Nb4 Be6 33. Rge1
Nc5 34. Nd3 Nxa4 35. c4 Nc5 36. Nxc5 Kxc5 37. cxd5 cxd5 38. Re5 Rad8 39. Bc2 h6
40. b3 Rg2 41. h4 Rh2 42. h5 Kd6 43. Re3 Rxh5 44. Rd2 Rg5 45. Rc3 Rc8 46. Kb2
Rxc3 47. Kxc3 h5 48. b4 h4 49. Rd4 Rh5 50. Bd1 Rh8 51. Bf3 h3 52. Kd2 Ke5 53.
Ke3 h2 54. Rd1 Rh4 55. b5 Rb4 56. Be2 Re4+ 0-1

[Event "World Rapid 2015"]
[Site "Berlin GER"]
[Date "2015.10.12"]
[Round "11.33"]
[White "Bruzon Batista, Lazaro"]
[Black "Romanov, Evgeny"]
[Result "1/2-1/2"]
[WhiteElo "2659"]
[BlackElo "2573"]
[PlyCount "99"]
[EventDate "2015.10.10"]
[EventType "rapid"]

1. Nf3 Nf6 2. c4 b6 3. d4 e6 4. e3 Bb7 5. Bd3 g6 6. Nc3 d5 7. cxd5 exd5 8. O-O
Nbd7 9. b3 c5 10. Bb2 Bg7 11. Rc1 O-O 12. Na4 Rc8 13. dxc5 Nxc5 14. Ba3 Nxd3
15. Qxd3 Re8 16. Rxc8 Qxc8 17. Rc1 Qd7 18. Bb2 Rc8 19. Rxc8+ Qxc8 20. h3 Ba6
21. Qd1 h6 22. Qa1 Qf5 23. Bd4 g5 24. Nc3 h5 25. Qb1 Bd3 26. Qd1 Be4 27. Nh2
Bd3 28. f3 Ba6 29. g4 Qe6 30. Kg2 h4 31. f4 gxf4 32. exf4 Qd6 33. g5 Ne4 34.
Bxg7 Qxf4 35. Bd4 Nxc3 36. Qg4 Qd2+ 37. Bf2 Ne4 38. Qxh4 Qxg5+ 39. Qxg5+ Nxg5
40. Ng4 Ne4 41. Bd4 Kf8 42. h4 Be2 43. Ne3 Bb5 44. h5 f6 45. Nxd5 Bc6 46. Nf4
Kf7 47. Kh3 Ng5+ 48. Kg4 Bd7+ 49. Kg3 Ne6 50. Nxe6 1/2-1/2

[Event "World Rapid 2015"]
[Site "Berlin GER"]
[Date "2015.10.12"]
[Round "11.37"]
[White "Jumabayev, Rinat"]
[Black "Iturrizaga Bonelli, Eduardo"]
[Result "1-0"]
[WhiteElo "2606"]
[BlackElo "2641"]
[PlyCount "85"]
[EventDate "2015.10.10"]
[EventType "rapid"]

1. d4 Nf6 2. c4 b6 3. Nc3 Bb7 4. Qc2 d5 5. Nf3 e6 6. Bg5 Be7 7. Bxf6 Bxf6 8.
cxd5 exd5 9. e3 O-O 10. Bd3 g6 11. O-O c5 12. dxc5 bxc5 13. Rfd1 Qe7 14. Na4
Rc8 15. Rac1 c4 16. Be2 Nd7 17. Nc3 Nb6 18. Nd4 Rd8 19. Bf3 Rac8 20. Rd2 Qb4
21. Rcd1 Qa5 22. h3 Be5 23. h4 a6 24. h5 Rd6 25. g3 Rcd8 26. hxg6 hxg6 27. Bg2
Bc8 28. Bf3 Bd7 29. Kg2 Ba4 30. Nxa4 Nxa4 31. a3 Nxb2 32. Qxb2 c3 33. Qb7 cxd2
34. Nc6 Rxc6 35. Qxc6 d4 36. exd4 Bxd4 37. Be2 Bc5 38. Bc4 Kg7 39. Qb7 Rf8 40.
Qb2+ f6 41. Qb7+ Kh6 42. Rh1+ Kg5 43. f4+ 1-0

[Event "World Rapid 2015"]
[Site "Berlin GER"]
[Date "2015.10.12"]
[Round "11.38"]
[White "Moiseenko, Alexander"]
[Black "Agrest, Evgenij"]
[Result "1-0"]
[WhiteElo "2692"]
[BlackElo "2596"]
[PlyCount "93"]
[EventDate "2015.10.10"]
[EventType "rapid"]

1. d4 d5 2. c4 c6 3. Nc3 Nf6 4. Nf3 e6 5. Bg5 Nbd7 6. e3 Qa5 7. cxd5 Nxd5 8.
Rc1 Nxc3 9. bxc3 Ba3 10. Rc2 b6 11. Bd3 Ba6 12. O-O Bxd3 13. Qxd3 O-O 14. Rb1
Rfe8 15. c4 Bf8 16. Bh4 h6 17. Bg3 Rad8 18. Qb3 Rc8 19. h3 Nf6 20. Bh4 Nd7 21.
Rd1 Qh5 22. Qa4 a5 23. Bg3 Qf5 24. Rcc1 Red8 25. Nd2 Bb4 26. Qc2 Qh5 27. Ne4
Ba3 28. Rb1 Qg6 29. Bh4 Re8 30. Qd3 Bf8 31. Bg3 c5 32. dxc5 Nxc5 33. Nxc5 Bxc5
34. Qxg6 fxg6 35. Rd7 Red8 36. Rbd1 Be7 37. Kf1 Rxd7 38. Rxd7 Bf6 39. Rc7 Rd8
40. Ke2 Bc3 41. Rc6 Rd2+ 42. Kf3 Rxa2 43. Rxb6 Rc2 44. c5 Be1 45. c6 e5 46.
Bxe5 Rxf2+ 47. Ke4 1-0

[Event "World Rapid 2015"]
[Site "Berlin GER"]
[Date "2015.10.12"]
[Round "11.39"]
[White "Akopian, Vladimir"]
[Black "Shchekachev, Andrei"]
[Result "1-0"]
[WhiteElo "2648"]
[BlackElo "2531"]
[PlyCount "63"]
[EventDate "2015.10.10"]
[EventType "rapid"]

1. e4 c5 2. Nf3 e6 3. b3 d6 4. Bb2 Nd7 5. Bb5 Ngf6 6. Qe2 Be7 7. O-O O-O 8.
Bxd7 Bxd7 9. e5 dxe5 10. Nxe5 Rc8 11. d3 Nd5 12. Nd2 Nb4 13. Ne4 Be8 14. Rad1
f6 15. Nc4 Nc6 16. f4 Nd4 17. Qf2 b5 18. Ne3 f5 19. Ng3 h5 20. c3 h4 21. cxd4
cxd4 22. Nc2 hxg3 23. hxg3 Rf6 24. Rc1 Rg6 25. Nxd4 Rxc1 26. Rxc1 Qb6 27. Rc8
Bd8 28. Nf3 Kh7 29. Bd4 Qd6 30. Ne5 Rh6 31. Bc5 Qd5 32. Qd4 1-0

[Event "World Rapid 2015"]
[Site "Berlin GER"]
[Date "2015.10.12"]
[Round "11.40"]
[White "Zhang, Zhong"]
[Black "Vitiugov, Nikita"]
[Result "0-1"]
[WhiteElo "2619"]
[BlackElo "2725"]
[PlyCount "102"]
[EventDate "2015.10.10"]
[EventType "rapid"]

1. Nf3 d5 2. g3 c6 3. Bg2 Bf5 4. O-O e6 5. c4 dxc4 6. Na3 Bxa3 7. bxa3 Be4 8.
Bb2 Nf6 9. Qc1 b5 10. a4 O-O 11. Qc3 Nbd7 12. g4 Nb6 13. axb5 cxb5 14. a4 Nxa4
15. Rxa4 bxa4 16. g5 Nh5 17. h4 Rb8 18. Ba1 Qd5 19. Qe3 Rb3 20. Bc3 a3 21. Ra1
a5 22. Bf1 Bxf3 23. exf3 a4 24. Bh3 Qd3 25. Bg4 Qxe3 26. fxe3 Ng3 27. Kf2 Nf5
28. Bxf5 exf5 29. Kg3 Rd8 30. Kf4 Rd5 31. h5 Kf8 32. Ra2 g6 33. h6 Ke7 34. Ra1
Ke6 35. Ra2 Rd3 36. Bf6 Kd5 37. Bg7 Kc6 38. Ba1 Rd5 39. Bf6 Kb5 40. Bg7 Rdd3
41. Bf6 Rb1 42. Bc3 Rb3 43. Ke5 Rdxc3 44. dxc3 Rxc3 45. Kf6 Kb4 46. Kg7 Kb3 47.
Ra1 Kb2 48. Re1 a2 49. Kxh7 a1=Q 50. Rxa1 Kxa1 51. Kg7 Rc1 0-1

[Event "World Rapid 2015"]
[Site "Berlin GER"]
[Date "2015.10.12"]
[Round "11.41"]
[White "Mikhalevski, Victor"]
[Black "Volokitin, Andrei"]
[Result "0-1"]
[WhiteElo "2536"]
[BlackElo "2639"]
[PlyCount "80"]
[EventDate "2015.10.10"]
[EventType "rapid"]

1. d4 Nf6 2. c4 e6 3. g3 c5 4. d5 exd5 5. cxd5 d6 6. Nc3 g6 7. Bg2 Bg7 8. Nf3
O-O 9. O-O Re8 10. Bf4 a6 11. a4 Nh5 12. Bg5 Qc7 13. Re1 Nd7 14. Rc1 Rb8 15. e4
Qa5 16. Bd2 Qd8 17. Bf1 Ne5 18. Nxe5 Bxe5 19. Kh1 Bd7 20. b3 b5 21. axb5 axb5
22. Bg2 b4 23. Nb1 f5 24. f4 Bb2 25. Rc2 Bg7 26. Bc1 fxe4 27. Rxe4 Rxe4 28.
Bxe4 Nf6 29. Nd2 Nxe4 30. Nxe4 Bf5 31. Ng5 Bxc2 32. Qxc2 Qf6 33. Ne6 Qc3 34.
Qd1 Ra8 35. Kg2 Ra1 36. Nxg7 Qxc1 37. Qe2 Qg1+ 38. Kh3 Qf1+ 39. Qxf1 Rxf1 40.
Ne8 c4 0-1

[Event "World Rapid 2015"]
[Site "Berlin GER"]
[Date "2015.10.12"]
[Round "11.42"]
[White "Ivanisevic, Ivan"]
[Black "Kravtsiv, Martyn"]
[Result "0-1"]
[WhiteElo "2653"]
[BlackElo "2621"]
[PlyCount "72"]
[EventDate "2015.10.10"]
[EventType "rapid"]

1. d4 d5 2. c4 e6 3. Nc3 Be7 4. Nf3 Nf6 5. g3 O-O 6. Bg2 dxc4 7. Ne5 Nc6 8.
Bxc6 bxc6 9. Nxc6 Qe8 10. Nxe7+ Qxe7 11. Qa4 c5 12. Qxc4 cxd4 13. Qxd4 e5 14.
Qh4 Rb8 15. O-O Rb4 16. e4 h6 17. f3 Rd8 18. Kg2 Rd3 19. Rf2 Bb7 20. g4 Qe6 21.
Re2 Ba6 22. g5 hxg5 23. Bxg5 Nh7 24. Rg1 Nf8 25. Qh5 Ng6 26. Kh1 Bb7 27. Reg2
Qb6 28. Bh6 Rxb2 29. Rxg6 fxg6 30. Rxg6 Rb1+ 31. Nxb1 Rd1+ 32. Kg2 Rg1+ 33. Kh3
Rxg6 34. Bg5 Bc8+ 35. Kg2 Qb2+ 36. Kg3 Qxb1 0-1

[Event "World Rapid 2015"]
[Site "Berlin GER"]
[Date "2015.10.12"]
[Round "11.43"]
[White "Al-Sayed, Mohammed"]
[Black "Bachmann, Axel"]
[Result "1/2-1/2"]
[WhiteElo "2520"]
[BlackElo "2593"]
[PlyCount "182"]
[EventDate "2015.10.10"]
[EventType "rapid"]

1. Nf3 g6 2. d4 Bg7 3. c4 d6 4. Nc3 Nf6 5. e4 O-O 6. Be2 Bg4 7. Be3 Nfd7 8. Ng1
Bxe2 9. Ngxe2 e5 10. d5 a5 11. O-O Na6 12. a3 f5 13. exf5 gxf5 14. f4 Qe7 15.
Qc2 Nac5 16. fxe5 Nxe5 17. Bxc5 dxc5 18. Ng3 f4 19. Nf5 Qg5 20. Nxg7 Qxg7 21.
Ne2 f3 22. Ng3 fxg2 23. Kxg2 Ng4 24. Qd2 Qd4 25. Qxd4 cxd4 26. Rxf8+ Rxf8 27.
Nf1 Ne5 28. Rd1 Nxc4 29. Rxd4 Nxb2 30. Ne3 b5 31. Rd2 Na4 32. Rc2 Rf7 33. Ng4
Kf8 34. Rc6 Rf4 35. Ne3 b4 36. axb4 axb4 37. Rxc7 b3 38. Rb7 b2 39. Nd1 Rd4 40.
Nxb2 Rd2+ 41. Kg3 Nxb2 42. Rxh7 Rxd5 43. Kf4 Nc4 44. Ke4 Rd1 45. Kf5 Nd6+ 46.
Ke6 Ne4 47. h4 Re1 48. Ra7 Rh1 49. Rf7+ Kg8 50. Rf4 Re1 51. Kf5 Nd6+ 52. Kg6
Nf7 53. h5 Ra1 54. Rb4 Ra6+ 55. Kf5 Nh6+ 56. Kg5 Kg7 57. Rb7+ Nf7+ 58. Kf5 Rf6+
59. Kg4 Kh6 60. Re7 Nd6 61. Rd7 Nc4 62. Re7 Nd2 63. Re2 Rd6 64. Re8 Rd4+ 65.
Kf5 Rd5+ 66. Kg4 Rd4+ 67. Kf5 Nc4 68. Rh8+ Kg7 69. Ra8 Rd5+ 70. Kg4 Ne5+ 71.
Kh4 Kf6 72. Rg8 Rd1 73. Rf8+ Nf7 74. Kg4 Rg1+ 75. Kf4 Ra1 76. Rg8 Rf1+ 77. Ke3
Rh1 78. Rg6+ Kf5 79. Ra6 Rxh5 80. Kd4 Rh4+ 81. Kd5 Rh1 82. Ra2 Rd1+ 83. Kc5 Ne5
84. Rf2+ Ke6 85. Re2 Rd5+ 86. Kb4 Kd6 87. Kc3 Rd3+ 88. Kc2 Rh3 89. Rd2+ Kc5 90.
Rd8 Kc4 91. Kd2 Rd3+ 1/2-1/2

[Event "World Rapid 2015"]
[Site "Berlin GER"]
[Date "2015.10.12"]
[Round "11.44"]
[White "Bezold, Michael"]
[Black "Van Wely, Loek"]
[Result "1-0"]
[WhiteElo "2509"]
[BlackElo "2632"]
[PlyCount "69"]
[EventDate "2015.10.10"]
[EventType "rapid"]

1. g3 d5 2. Bg2 Nf6 3. d3 g6 4. c4 c6 5. Qa4 d4 6. b4 Bg7 7. Nf3 O-O 8. O-O a5
9. Bb2 Nfd7 10. a3 Na6 11. Nbd2 e5 12. Rfc1 Re8 13. c5 Nc7 14. Qb3 a4 15. Qc2
Nb5 16. Nc4 f5 17. Rd1 g5 18. e3 g4 19. Nh4 Qf6 20. exd4 exd4 21. Re1 Ne5 22.
Nb6 Rb8 23. Bc1 Be6 24. Bf4 Bb3 25. Qd2 Qf7 26. Bxe5 Rxe5 27. Rxe5 Bxe5 28.
Qg5+ Kh8 29. Nxf5 Rf8 30. Nh6 Qxf2+ 31. Kh1 Bg7 32. Rf1 Qe3 33. Rxf8+ Bxf8 34.
Qf6+ Bg7 35. Qd8+ 1-0

[Event "World Rapid 2015"]
[Site "Berlin GER"]
[Date "2015.10.12"]
[Round "11.45"]
[White "Svane, Rasmus"]
[Black "Ganguly, Surya Shekhar"]
[Result "1/2-1/2"]
[WhiteElo "2543"]
[BlackElo "2652"]
[PlyCount "107"]
[EventDate "2015.10.10"]
[EventType "rapid"]

1. Nf3 Nf6 2. c4 b6 3. g3 c5 4. Bg2 Bb7 5. O-O g6 6. b3 Bg7 7. Bb2 O-O 8. Nc3
d6 9. Rc1 Nbd7 10. e3 a6 11. a3 d5 12. Nxd5 Nxd5 13. Bxg7 Nxe3 14. dxe3 Kxg7
15. Qd2 Qc7 16. Qc3+ Kg8 17. Rfd1 Rfd8 18. h3 Rac8 19. Rd2 Nf6 20. Rcd1 Ne4 21.
Rxd8+ Rxd8 22. Rxd8+ Qxd8 23. Qc2 Nd6 24. Ne5 Bxg2 25. Kxg2 Qa8+ 26. Nf3 h5 27.
Qd3 Qc6 28. g4 hxg4 29. hxg4 b5 30. Qd5 Qxd5 31. cxd5 Ne4 32. Ne5 Nd2 33. b4 c4
34. Nc6 Nb1 35. Kf3 Kf8 36. e4 Nxa3 37. Ke3 Ke8 38. f4 e6 39. dxe6 fxe6 40. Kd2
c3+ 41. Kxc3 Nc4 42. Kd4 Nd2 43. g5 Nf3+ 44. Ke3 Ne1 45. Ke2 Ng2 46. Kf3 Ne1+
47. Kf2 Nd3+ 48. Ke3 Ne1 49. Ke2 Ng2 50. Kf3 Ne1+ 51. Ke3 Ng2+ 52. Kf3 Ne1+ 53.
Kf2 Nd3+ 54. Ke3 1/2-1/2

[Event "World Rapid 2015"]
[Site "Berlin GER"]
[Date "2015.10.12"]
[Round "11.46"]
[White "Kunin, Vitaly"]
[Black "Bologan, Viktor"]
[Result "1-0"]
[WhiteElo "2556"]
[BlackElo "2607"]
[PlyCount "119"]
[EventDate "2015.10.10"]
[EventType "rapid"]

1. d4 Nf6 2. Nf3 g6 3. g3 Bg7 4. Bg2 c5 5. d5 d6 6. O-O O-O 7. Nc3 Na6 8. e4
Bg4 9. h3 Bxf3 10. Qxf3 Nd7 11. Qe2 Nc7 12. a4 b6 13. Bg5 h6 14. Be3 a6 15. Ra2
Rb8 16. Rfa1 b5 17. axb5 axb5 18. Ra5 b4 19. Nd1 e6 20. dxe6 Nxe6 21. Ra6 Nb6
22. c3 bxc3 23. bxc3 Re8 24. Qd3 h5 25. h4 Nc7 26. Ra7 Nc8 27. R7a2 Qe7 28. Rd2
Ne6 29. Nb2 Rb3 30. Rc1 Qf6 31. Nd1 Ra3 32. Qb5 Qe7 33. Re2 Rd8 34. Bd2 Qc7 35.
Ne3 Nb6 36. Bh3 Rb8 37. Qb2 Nc4 38. Qc2 Rb2 39. Qd1 Nxe3 40. Bxe3 Rxe2 41. Qxe2
Nd8 42. Qb2 Ra4 43. Qc2 Ra3 44. Qd2 Nc6 45. Rd1 Be5 46. Rc1 Qa5 47. Qd5 Qb6 48.
Kg2 Ne7 49. Qd2 Qc6 50. Qd3 c4 51. Qb1 Rb3 52. Qa2 Qxe4+ 53. Kh2 Nf5 54. Bxf5
Qxf5 55. Qa8+ Kg7 56. Qc6 Qd3 57. Ra1 Rb2 58. Qf3 Qxc3 59. Ra7 Bf6 60. Qd5 1-0